Jardines del Palacio de Boadilla del Monte : estudio histórico y propuesta de restauración /
Uloženo v:
| Hlavní autoři: | , |
|---|---|
| Médium: | Elektronický zdroj E-kniha |
| Jazyk: | španělština |
| Vydáno: |
Aranjuez (Madrid) : [Madrid] :
Ediciones Doce Calles ; Ayuntamiento de Boadilla del Monte : Comunidad de Madrid, Dirección General de Patrimonio Histórico Artístico,
[2001]
|
| Edice: | Pardes (Aranjuez, Spain)
|
| Témata: | |
| On-line přístup: | Digitalia Hispánica |
| Tagy: |
Přidat tag
Žádné tagy, Buďte první, kdo vytvoří štítek k tomuto záznamu!
|
MARC
| LEADER | 00000nam a2200000Ii 4500 | ||
|---|---|---|---|
| 001 | DIGDOCEC0195 | ||
| 003 | NyNyDIG | ||
| 006 | m o d | ||
| 007 | cr ||||||||||| | ||
| 008 | 241203s2001 sp a ob 000 0 spa d | ||
| 035 | |a (OCoLC)1482221945 | ||
| 040 | |a DGITA |b eng |e rda |e pn |c DGITA | ||
| 020 | |z 9788489796652 | ||
| 043 | |a e-sp--- | ||
| 050 | 1 | 4 | |a SB466.S72 ebook |
| 100 | 1 | |a Serredi, Lucia, |e author. | |
| 245 | 1 | 0 | |a Jardines del Palacio de Boadilla del Monte : |b estudio histórico y propuesta de restauración / |c Lucia Serredi, José Luis Souto. |
| 264 | 1 | |a Aranjuez (Madrid) : |b Ediciones Doce Calles ; |a [Madrid] : |b Ayuntamiento de Boadilla del Monte : |b Comunidad de Madrid, Dirección General de Patrimonio Histórico Artístico, |c [2001] | |
| 300 | |a 1 online resource : |b illustrations. | ||
| 336 | |a text |b txt |2 rdacontent | ||
| 337 | |a computer |b c |2 rdamedia | ||
| 338 | |a online resource |b cr |2 rdacarrier | ||
| 347 | |a text file |2 rdaft | ||
| 347 | |b PDF | ||
| 490 | 1 | |a Pardes : colección de jardinería histórica | |
| 504 | |a Includes bibliographical references. | ||
| 588 | 0 | |a Online resource; title from PDF title page (Digitalia, viewed December 3, 2024) | |
| 610 | 2 | 0 | |a Palacio de Boadilla del Monte (Madrid, Spain) |x History. |
| 650 | 0 | |a Gardens |z Spain |z Madrid (Region) |x History. | |
| 700 | 1 | |a Souto, José Luis, |e author. | |
| 791 | 2 | |a Digitalia (Firm), |e distributor. | |
| 793 | 0 | |g Digitalia eBook Collection: |a Ediciones Doce Calles | |
| 776 | 0 | 8 | |i Print version: |a Serredi, Lucia. |t Jardines del Palacio de Boadilla del Monte. |d Aranjuez (Madrid) : Ediciones Doce Calles ; [Madrid] : Ayuntamiento de Boadilla del Monte : Comunidad de Madrid, Dirección General de Patrimonio Histórico Artístico, [2001] |z 9788489796652 |
| 830 | 0 | |a Pardes (Aranjuez, Spain) | |
| 856 | 4 | 0 | |3 Digitalia Hispánica |u https://digitalia.unach.elogim.com/a/168825/ |
| 910 | |a Premium collection: 2024 | ||